Yearbook of Finnish Foreign Policy 1985 13th Issue
Saved in:
| Format: | Book |
|---|---|
| Language: | English |
| Published: |
Helsinky
Finnish Institute of International Affairs
1985
|
| Edition: | 1. ed. |
| Tags: |
No Tags, Be the first to tag this record!
|
MARC
| LEADER | 00000nam a2200000 4500 | ||
|---|---|---|---|
| 001 | c030534 | ||
| 005 | 20221220080659.4 | ||
| 041 | 0 | |a eng | |
| 044 | |a FI | ||
| 245 | 1 | 0 | |a Yearbook of Finnish Foreign Policy 1985 |b 13th Issue |
| 250 | |a 1. ed. | ||
| 264 | 1 | |a Helsinky |b Finnish Institute of International Affairs |c 1985 | |
| 300 | |a 64 s. | ||